[Event "21st Czech GM Open"]
[Site "Pardubice CZE"]
[Date "2010.07.26"]
[Round "4"]
[White "Franciskovic,B"]
[Black "Potapov,Alexa1"]
[Result "1/2-1/2"]
[WhiteElo "2253"]
[BlackElo "2426"]
[EventDate "2010.07.23"]

1. Nf3 Nf6 2. g3 d5 3. Bg2 c6 4. O-O Bf5 5. d3 Nbd7 6. c4 e6 7. Nc3 h6 8.
cxd5 cxd5 9. e4 dxe4 10. dxe4 Nxe4 11. Nd4 Nxc3 12. bxc3 Nc5 13. Nxf5 Qxd1
14. Rxd1 exf5 15. Rb1 Rd8 16. Rxd8+ Kxd8 17. Bxb7 Bd6 18. Be3 Ke7 19. Rb5
Rb8 20. Rxc5 f4 21. gxf4 Rxb7 22. Ra5 Bb8 23. Kg2 g6 24. f5 gxf5 25. Rxf5
Rb2 26. Ra5 Rc2 27. Bc5+ Ke6 28. Bd4 f5 29. a4 h5 30. Ra6+ Kd5 31. Rf6 Ke4
32. Re6+ Kd5 33. Rh6 Ra2 34. Ra6 Rc2 35. a5 Ra2 36. Bxa7 Be5 37. Bb6 Bxc3
38. Ra8 Be5 39. Rd8+ Ke4 40. Re8 Kd5 41. Re7 h4 42. Rh7 Bc3 43. Rh5 Ke5 44.
Rh8 h3+ 45. Rxh3 Bxa5 46. Re3+ Kf4 47. Rf3+ Ke4 48. Bxa5 Rxa5 49. Rb3 Kf4
50. Rb4+ Kg5 51. Kg3 Rc5 52. f3 Ra5 53. h4+ Kh5 54. Rb8 Kg6 55. Rb6+ Kh5
56. Kf4 Ra4+ 57. Kxf5 Kxh4 58. f4 Ra5+ 59. Kg6 Kg4 60. Rf6 Ra8 61. f5 Rg8+
62. Kh6 Rh8+ 63. Kg6 Rh5 64. Rf8 Rg5+ 65. Kh6 Rxf5 1/2-1/2

[Event "21st Czech GM Open"]
[Site "Pardubice CZE"]
[Date "2010.07.26"]
[Round "4"]
[White "Savitskiy,S"]
[Black "Cifka,S"]
[Result "1-0"]
[WhiteElo "2245"]
[BlackElo "2420"]
[EventDate "2010.07.23"]

1. e4 d6 2. d4 Nf6 3. Nc3 e5 4. dxe5 dxe5 5. Qxd8+ Kxd8 6. Bc4 Ke8 7. Bg5
Bd6 8. O-O-O Nbd7 9. Nge2 a6 10. a4 h6 11. Bh4 Bb4 12. f3 Nb6 13. Bb3 Ke7
14. f4 Bd6 15. a5 Nbd7 16. Nd5+ Ke8 17. Ba4 Nxd5 18. Rxd5 exf4 19. Rhd1 f6
20. Nd4 Kf7 21. Bb3 Kg6 22. c4 Ne5 23. c5 Be7 24. Ne2 Kh7 25. Rxe5 fxe5 26.
Bxe7 Re8 27. Bh4 Be6 28. Ba4 c6 29. Rd6 g5 30. Be1 g4 31. Bh4 Bc4 32. Kd2
Rf8 33. b3 Bg8 34. Ke1 Rac8 35. Kf2 Rc7 36. Bf6 f3 37. gxf3 Rcf7 38. Bxe5
Rxf3+ 39. Ke1 Bxb3 40. Bxb3 Rxb3 41. Rd7+ Kg6 42. Rg7+ Kh5 43. Nf4+ 1-0

[Event "21st Czech GM Open"]
[Site "Pardubice CZE"]
[Date "2010.07.26"]
[Round "4"]
[White "Fernandez,Dan SIN"]
[Black "Shevtsov,N"]
[Result "1/2-1/2"]
[WhiteElo "2401"]
[BlackElo "2309"]
[EventDate "2010.07.23"]

1. e4 c5 2. Nf3 d6 3. Nc3 Nf6 4. e5 dxe5 5. Nxe5 a6 6. a4 e6 7. g3 Qc7 8.
Nc4 Bd7 9. d3 Bc6 10. Bf4 Qd8 11. Rg1 Be7 12. a5 O-O 13. Nb6 Ra7 14. Bg2
Bxg2 15. Bxb8 Qxb8 16. Rxg2 Rd8 17. Qe2 Qc7 18. Ne4 Nd5 19. Nc4 Raa8 20. f4
Re8 21. Kf1 Rad8 22. Qf3 Nb4 23. g4 Rd5 24. Ne3 Rd7 25. f5 Bd6 26. g5 Bxh2
27. Qh5 Be5 28. f6 Nd5 29. Ng4 Nf4 30. Qh4 Ng6 31. Qh3 Nf4 32. Qh1 Nxg2 33.
Kxg2 Rd4 34. fxg7 Rxe4 35. dxe4 Bxg7 36. Qh4 Rd8 37. Nf6+ Kf8 38. Nxh7+ Ke8
39. Nf6+ Bxf6 40. gxf6 Rd2+ 41. Kf3 Qe5 42. Rg1 Rh2 43. Qg5 Qxg5 44. Rxg5
Rxc2 45. Rg8+ Kd7 46. Rf8 e5 47. Rxf7+ Ke6 48. Rxb7 Kxf6 49. Rb6+ Ke7 50.
b3 Kd7 51. Rxa6 Rc3+ 52. Kg4 Rxb3 53. Kf5 c4 54. Kxe5 c3 55. Rd6+ Kc7 56.
Rd1 Ra3 57. Kf6 Rxa5 58. e5 Ra2 59. Rc1 Rf2+ 1/2-1/2

[Event "21st Czech GM Open"]
[Site "Pardubice CZE"]
[Date "2010.07.26"]
[Round "4"]
[White "Migot,Tangi"]
[Black "Csiba,D"]
[Result "0-1"]
[WhiteElo "2229"]
[BlackElo "2393"]
[EventDate "2010.07.23"]

1. e4 c5 2. Nf3 e6 3. d4 cxd4 4. Nxd4 a6 5. c4 Bc5 6. Nb3 Ba7 7. Nc3 Nc6 8.
Be2 d6 9. O-O Nge7 10. Kh1 O-O 11. Bf4 e5 12. Be3 Ng6 13. Bxa7 Rxa7 14. Qd2
Qf6 15. Rad1 Rd8 16. Nd5 Qh4 17. Qe3 f5 18. exf5 Bxf5 19. Rd2 Raa8 20. Nb6
Rab8 21. Rfd1 Qf6 22. Nd5 Qf8 23. Qg3 Be6 24. Ne3 b5 25. cxb5 axb5 26. Nd5
Kh8 27. Bf3 Nce7 28. Be4 Bxd5 29. Bxd5 Nf4 30. Bf3 Qf6 31. Bg4 h5 32. Bh3
g5 33. f3 Ng8 34. Na5 h4 35. Qf2 Nxh3 36. gxh3 Ne7 37. Re1 Rdc8 38. Red1
Nf5 39. Kg2 Ra8 40. b4 Rc3 41. Rd3 Rac8 42. Nb3 R8c4 43. a3 Rc7 44. Qb6
Rxd3 45. Rxd3 Rc2+ 46. Nd2 Nd4 47. Qb8+ Kg7 48. Qb7+ Kh6 49. Qe4 Ra2 50.
Qa8 Rb2 51. Kf1 Qe6 52. Qf8+ Kg6 53. Kg1 d5 54. Kh1 Rc2 55. Qh8 Rc8 0-1

[Event "21st Czech GM Open"]
[Site "Pardubice CZE"]
[Date "2010.07.26"]
[Round "4"]
[White "Dauletova,G"]
[Black "Jorczik,J"]
[Result "0-1"]
[WhiteElo "2226"]
[BlackElo "2389"]
[EventDate "2010.07.23"]

1. e4 e6 2. d4 d5 3. Nc3 Nf6 4. e5 Nfd7 5. f4 c5 6. Nf3 Nc6 7. Be3 Be7 8.
Qd2 O-O 9. dxc5 Bxc5 10. O-O-O Qa5 11. Bxc5 Nxc5 12. h4 Bd7 13. Rh3 b5 14.
Bxb5 Nb4 15. Bxd7 Nxa2+ 16. Nxa2 Qxa2 17. Qb4 Nxd7 18. Nd4 a5 19. Qa3 Qxa3
20. Rxa3 a4 21. Ne2 Ra6 22. Rd4 Nb6 23. Nc3 Rfa8 24. Rb4 h5 25. Nb5 Ra5 26.
Nd6 Nd7 27. Rc3 Nc5 28. Kb1 f6 29. exf6 gxf6 30. Nb7 Ne4 31. Rxe4 dxe4 32.
Nxa5 Rxa5 33. Kc1 Rd5 34. Re3 f5 35. c3 Kf7 36. Kc2 Ke7 37. Re1 Kd6 38. Ra1
e3 39. Re1 Rd2+ 40. Kc1 Rxg2 41. Rxe3 Rg4 42. Rd3+ Kc5 43. Rd4 Kb5 44. Rd6
Rxh4 45. Rxe6 Rxf4 46. Kc2 Rf2+ 47. Kd3 Rxb2 48. c4+ Ka5 49. Re5+ Ka6 50.
Rxf5 a3 51. Rf6+ Ka5 52. Rf8 a2 53. Ra8+ Kb6 54. Kd4 h4 55. c5+ Kb7 56. Ra3
h3 0-1

[Event "21st Czech GM Open"]
[Site "Pardubice CZE"]
[Date "2010.07.26"]
[Round "4"]
[White "Schulz,Je"]
[Black "Kjartansson,G"]
[Result "0-1"]
[WhiteElo "2156"]
[BlackElo "2384"]
[EventDate "2010.07.23"]

1. e4 c6 2. d4 d5 3. e5 c5 4. dxc5 e6 5. Be3 Nd7 6. Bb5 a6 7. Ba4 Nh6 8. c3
Nf5 9. Bd4 Be7 10. Nf3 O-O 11. b4 a5 12. Bxd7 Bxd7 13. O-O b6 14. cxb6 axb4
15. cxb4 Bb5 16. Re1 Bxb4 17. Nc3 Nxd4 18. Qxd4 Bxc3 19. Qxc3 Qxb6 20. Reb1
Qa5 21. Qd4 Rfc8 22. h3 Ba4 23. Rb4 Qa7 24. Qh4 Bc2 25. Nd4 Be4 26. Qg3 Qa5
27. Qb3 Qa3 28. f3 Bd3 29. Qxa3 Rxa3 30. Rb3 Rca8 31. Rxa3 Rxa3 32. Kf2 g5
33. g3 Kg7 34. h4 gxh4 35. gxh4 Kh6 36. Kg3 Kh5 37. Nb3 Bc4 38. Nd2 Bd3 39.
Nb3 Bc4 40. Nd2 Rxa2 41. Rxa2 Bxa2 42. Nf1 d4 43. Nd2 Bd5 44. Nf1 f6 45.
exf6 Kg6 46. Kf4 Kxf6 47. Nd2 e5+ 48. Kg4 h6 49. Kh3 Kf5 50. Kg3 h5 51. Nf1
e4 52. fxe4+ Kxe4 53. Kf2 Kf4 54. Ng3 Kg4 55. Ne2 d3 56. Ng1 Bc6 57. Ke3
Be4 0-1

[Event "21st Czech GM Open"]
[Site "Pardubice CZE"]
[Date "2010.07.26"]
[Round "4"]
[White "Burger,H"]
[Black "Strunski,A"]
[Result "1/2-1/2"]
[WhiteElo "2110"]
[BlackElo "2365"]
[EventDate "2010.07.23"]

1. d4 Nf6 2. c4 g6 3. Nf3 Bg7 4. g3 c6 5. Bg2 d5 6. O-O O-O 7. b3 Bf5 8.
Bb2 a5 9. Nc3 Ne4 10. e3 a4 11. Nxa4 dxc4 12. Nc3 Nd6 13. bxc4 Nxc4 14. Qb3
Na5 15. Qd1 Nd7 16. Qe2 Qb6 17. Ba3 Rfe8 18. Na4 Qa6 19. Qxa6 Rxa6 20. Rfc1
Rea8 21. Nd2 e5 22. Nc5 Nxc5 23. dxc5 Rd8 24. Bb4 Be6 25. Bf1 Raa8 26. Ne4
Bf8 27. Nd6 b6 28. Bxa5 bxa5 29. Nc4 e4 30. Nb6 Rab8 31. Bc4 Bg4 32. Rab1
Rd2 33. Na4 Rxb1 34. Rxb1 Bf3 35. Bb3 h5 36. Rc1 Be7 37. h3 h4 38. g4 Kg7
39. Nb6 Rd8 40. Nc4 Ra8 41. Ba4 Bxc5 1/2-1/2

[Event "21st Czech GM Open"]
[Site "Pardubice CZE"]
[Date "2010.07.26"]
[Round "4"]
[White "Krapivin,Vl"]
[Black "Shumilov,I"]
[Result "1/2-1/2"]
[WhiteElo "2362"]
[BlackElo "2284"]
[EventDate "2010.07.23"]

1. e4 c5 2. Nc3 Nc6 3. g3 g6 4. Bg2 Bg7 5. d3 d6 6. f4 Nf6 7. Nf3 Bg4 8. h3
Bxf3 9. Qxf3 O-O 10. O-O Rb8 11. Qf2 Nd7 12. f5 b5 13. g4 b4 14. Nd1 Nde5
15. g5 f6 16. gxf6 Bxf6 17. Bh6 Bg7 18. Qd2 e6 19. Bg5 Bf6 20. Bh6 Bg7 21.
Bg5 Bf6 22. Bh6 Bg7 23. Bg5 Bf6 1/2-1/2

[Event "21st Czech GM Open"]
[Site "Pardubice CZE"]
[Date "2010.07.26"]
[Round "4"]
[White "Molnar,P SVK"]
[Black "Lalith,B"]
[Result "0-1"]
[WhiteElo "2297"]
[BlackElo "2502"]
[EventDate "2010.07.23"]

1. d4 Nf6 2. Nf3 e6 3. g3 d5 4. Bg2 b5 5. O-O Bb7 6. Bg5 Nbd7 7. c3 h6 8.
Bxf6 Nxf6 9. Qb3 Ba6 10. Nbd2 c5 11. Rfe1 Bd6 12. c4 Rb8 13. cxd5 c4 14.
Qc2 Nxd5 15. Ne4 O-O 16. Nxd6 Qxd6 17. a3 Nb6 18. e4 Bb7 19. Rad1 Rbc8 20.
d5 e5 21. Nh4 Rcd8 22. Nf5 Qf6 23. d6 Bc8 24. Ne7+ Kh8 25. Qd2 Be6 26. Qb4
Rd7 27. Qxb5 Bg4 28. Nd5 Qxd6 29. f3 Be6 30. Ne3 Qc7 31. Rxd7 Nxd7 32. Re2
Rb8 33. Nd5 Bxd5 34. Qxd5 Nb6 35. Qa5 Rd8 36. Rd2 Rd4 37. Kf2 c3 38. Rc2
cxb2 39. Rxb2 Qc1 40. Re2 Qc7 41. Qb5 Rd8 42. Bf1 Qc3 43. Qb4 Qd3 44. Re3
Qd1 45. Re1 Qc2+ 46. Re2 Qd1 47. Re1 Qd7 48. Rc1 Qe6 49. Rc2 Rd4 50. Qc3
Kh7 51. Rd2 Na4 52. Qe3 Qb6 53. Rxd4 exd4 54. Qd3 Nb2 55. Qb5 Nd1+ 56. Ke1
Ne3 57. Qxb6 axb6 58. Bd3 g5 59. Kd2 Kg7 60. Kc1 Kf6 61. Kb2 Ke5 62. Kb3 f6
63. Kb4 Ng2 64. Kc4 Ne1 65. Be2 g4 66. fxg4 Kxe4 67. a4 d3 68. Bd1 Nc2 69.
Kb5 Ne3 70. Bb3 Kd4 71. Kxb6 Kc3 72. a5 Kxb3 73. a6 Nc4+ 74. Kc5 d2 0-1

[Event "21st Czech GM Open"]
[Site "Pardubice CZE"]
[Date "2010.07.26"]
[Round "4"]
[White "Galburd,Y"]
[Black "Michalik,P"]
[Result "1/2-1/2"]
[WhiteElo "2301"]
[BlackElo "2453"]
[EventDate "2010.07.23"]

1. e4 c5 2. Nf3 e6 3. Nc3 a6 4. a4 Nc6 5. g3 d5 6. d3 Nf6 7. Qe2 Nd4 8. Qd1
Nxf3+ 9. Qxf3 d4 10. Nd1 e5 11. Qe2 Be7 12. a5 h5 13. h4 Ng4 14. Bh3 O-O
15. f3 Nf6 16. b3 Ne8 17. Nb2 Nd6 18. Nc4 Nxc4 19. bxc4 Bxh3 20. Rxh3 b5
21. axb6 Qxb6 22. Kf2 a5 23. f4 a4 24. Qxh5 a3 25. Rh1 a2 26. Bd2 Rfb8 27.
Qxe5 Qa7 28. Rhc1 Rb2 29. Qh5 Qd7 30. f5 Ra3 31. Ke2 Qa4 32. e5 Bf8 33. Qf3
Rxc2 34. e6 Rxc1 35. exf7+ Kxf7 36. Qd5+ Ke8 37. Qe6+ Be7 38. Qg8+ Kd7 39.
Qe6+ Kd8 40. Qg8+ Kc7 41. Bxc1 Qc2+ 42. Ke1 Bd6 43. Qxg7+ Kc6 44. Bxa3 Qc3+
45. Ke2 Qxa3 46. Kf3 Qxd3+ 47. Kg2 Qb1 48. Qa7 Qxa1 49. Qa6+ Kd7 50. Qb7+
Kd8 51. Qa8+ Ke7 52. f6+ Kxf6 53. Qf3+ Ke6 54. Qd5+ Kd7 55. Qb7+ Bc7 56.
Qd5+ Kc8 57. Qa8+ Bb8 58. Qc6+ Kd8 59. Qd5+ Ke7 60. Qxc5+ Bd6 61. Qg5+ Kd7
62. Qb5+ Kd8 63. Qb6+ Bc7 1/2-1/2

[Event "21st Czech GM Open"]
[Site "Pardubice CZE"]
[Date "2010.07.26"]
[Round "4"]
[White "Lavendelis,E"]
[Black "Klenburg,M"]
[Result "1/2-1/2"]
[WhiteElo "2282"]
[BlackElo "2437"]
[EventDate "2010.07.23"]

1. e4 d6 2. d4 Nf6 3. Nc3 g6 4. Be3 c6 5. f3 Nbd7 6. g4 h6 7. Qd2 Bg7 8.
Nge2 Qc7 9. Ng3 b5 10. h4 Nb6 11. h5 g5 12. Nf5 Bf8 13. O-O-O b4 14. Nb1 a5
15. e5 Nfd5 16. c4 Nxe3 17. Qxe3 Be6 18. Nd2 O-O-O 19. Bd3 dxe5 20. dxe5
Nd7 21. Rhe1 Qb6 22. Nb3 Qxe3+ 23. Rxe3 Kc7 24. Kc2 a4 25. Nbd4 Nc5 26. b3
axb3+ 27. axb3 Bc8 28. Ne2 e6 29. Nfg3 Bg7 30. Nc1 Bb7 31. Rde1 Ra8 32. Ne4
Nxe4 33. Rxe4 Rhd8 34. Be2 Ra5 35. Bf1 Bf8 36. Bd3 Rd7 37. Rf1 Bc5 38. f4
Be7 39. f5 c5 40. fxe6 fxe6 41. Re2 Ra8 42. Rf7 1/2-1/2

[Event "21st Czech GM Open"]
[Site "Pardubice CZE"]
[Date "2010.07.26"]
[Round "4"]
[White "Palecek,P"]
[Black "Klima,L"]
[Result "1/2-1/2"]
[WhiteElo "2252"]
[BlackElo "2392"]
[EventDate "2010.07.23"]

1. e4 c5 2. Nf3 Nc6 3. d4 cxd4 4. Nxd4 Nf6 5. Nc3 e5 6. Ndb5 d6 7. Bg5 a6
8. Na3 b5 9. Nd5 Be7 10. Bxf6 Bxf6 11. c3 Bg5 12. Nc2 O-O 13. a4 bxa4 14.
Rxa4 a5 15. Bc4 Rb8 16. b3 Kh8 17. Nce3 Be6 18. O-O g6 19. Kh1 Bh6 20. Ra2
f5 21. exf5 gxf5 22. f4 Bg7 23. Rd2 Qd7 24. Qc2 Qb7 25. Rfd1 Nd4 26. cxd4
exd4 27. Re2 Rbc8 28. Qd2 a4 29. Nxf5 Bxf5 30. Re7 Qb8 31. Rxg7 Kxg7 32.
Qxd4+ Kh6 33. Ne7 Rce8 34. Nxf5+ Rxf5 35. bxa4 d5 36. Bb5 Re4 37. Qg1 Rexf4
38. Bd3 Rf6 39. a5 d4 40. a6 Rf2 41. Be4 Qb3 42. Rd3 Qc4 43. Rh3+ Kg5 44.
Bd3 Qxd3 45. Rxd3 Rf1 46. Rxd4 1/2-1/2

[Event "21st Czech GM Open"]
[Site "Pardubice CZE"]
[Date "2010.07.26"]
[Round "4"]
[White "Zwardon,V"]
[Black "Hedman,E"]
[Result "0-1"]
[WhiteElo "2247"]
[BlackElo "2391"]
[EventDate "2010.07.23"]

1. e4 e5 2. Nf3 Nc6 3. Bc4 Bc5 4. c3 Nf6 5. d4 exd4 6. cxd4 Bb4+ 7. Bd2
Bxd2+ 8. Nbxd2 d5 9. exd5 Nxd5 10. Qb3 Nce7 11. O-O O-O 12. Rfe1 c6 13. Ne4
Nb6 14. Bd3 Ng6 15. Rad1 Bg4 16. Neg5 Qf6 17. Bxg6 Qxg6 18. Ne4 Rfe8 19.
Nc5 Nd5 20. Nxb7 Rab8 21. Rd3 f6 22. Qc4 Rxb7 23. Qxc6 Qf7 24. Rb3 Reb8 25.
Qd6 Rxb3 26. axb3 Rc8 27. Nd2 Qd7 28. Qg3 Bf5 29. Nc4 Bg6 30. h4 Qc7 31.
Qf3 Bf7 32. h5 h6 33. Ra1 Rd8 34. g3 Qd7 35. Ra6 Qe7 36. Ra1 Kh8 37. Rd1
Qe6 38. Kh2 Re8 39. Ra1 Re7 40. Kg2 Be8 41. Rc1 Bd7 42. Kg1 Qe4 43. Qxe4
Rxe4 44. Ra1 Bc6 45. Nd6 Rxd4 46. Rc1 Ne7 0-1

[Event "21st Czech GM Open"]
[Site "Pardubice CZE"]
[Date "2010.07.26"]
[Round "4"]
[White "Gorbatov,A"]
[Black "Adamek,J"]
[Result "1-0"]
[WhiteElo "2390"]
[BlackElo "2244"]
[EventDate "2010.07.23"]

1. c4 e6 2. Nf3 Nf6 3. g3 d5 4. b3 Be7 5. Bb2 O-O 6. Bg2 Nbd7 7. O-O b6 8.
cxd5 exd5 9. Nd4 Bb7 10. Nf5 Re8 11. Nxe7+ Qxe7 12. Nc3 c6 13. d4 Ne4 14.
Nxe4 dxe4 15. Rc1 Nf6 16. a3 Nd5 17. b4 a5 18. bxa5 Rxa5 19. Qc2 b5 20. Ra1
Ra4 21. Qc5 Rc4 22. Qxe7 Rxe7 23. Rfb1 Ra4 24. e3 Re8 25. g4 h6 26. h3 g6
27. Kh2 Raa8 28. Kg3 f5 29. Bf1 Kf7 30. Be2 Ke6 31. gxf5+ gxf5 32. Rg1 Rg8+
33. Kh2 Rad8 34. Rxg8 Rxg8 35. a4 bxa4 36. Rxa4 Ra8 37. Rxa8 Bxa8 38. Ba6
Kd7 39. Ba3 f4 40. exf4 Nxf4 41. Kg3 Ne6 42. Bc5 Nxc5 43. dxc5 Ke6 44. Bc8+
Kd5 45. Bf5 Bb7 46. Kf4 Kxc5 47. Ke5 e3 48. fxe3 Ba6 49. Kf6 Bf1 50. h4 Be2
51. Bg6 Kd5 52. e4+ Kd4 53. e5 c5 54. e6 Bb5 55. e7 1-0

[Event "21st Czech GM Open"]
[Site "Pardubice CZE"]
[Date "2010.07.26"]
[Round "4"]
[White "Arslanov,S"]
[Black "Borisenko,V"]
[Result "0-1"]
[WhiteElo "2377"]
[BlackElo "2226"]
[EventDate "2010.07.23"]

1. e4 c5 2. Nf3 Nc6 3. d4 cxd4 4. Nxd4 Nf6 5. Nc3 e6 6. Nxc6 bxc6 7. e5 Nd5
8. Ne4 Bb7 9. Bd3 Qc7 10. f4 Nb4 11. c4 Nxd3+ 12. Qxd3 c5 13. Be3 Qa5+ 14.
Bd2 Qa4 15. Bc3 Be7 16. O-O Qc6 17. Rfe1 O-O-O 18. Qf3 Rhg8 19. Rad1 f5 20.
Rd6 Bxd6 21. Nxd6+ Qxd6 0-1

[Event "21st Czech GM Open"]
[Site "Pardubice CZE"]
[Date "2010.07.26"]
[Round "4"]
[White "Yanjindulam,D"]
[Black "Sarkozy,L"]
[Result "0-1"]
[WhiteElo "2224"]
[BlackElo "2373"]
[EventDate "2010.07.23"]

1. e4 c5 2. c3 d5 3. exd5 Qxd5 4. d4 Nf6 5. Nf3 Bg4 6. Nbd2 e6 7. Bc4 Qd8
8. Qa4+ Nbd7 9. Ne5 Bh5 10. dxc5 Bxc5 11. Nxd7 Nxd7 12. O-O O-O 13. Ne4 Be7
14. Ng3 Bg6 15. Be2 Qc7 16. Bf4 e5 17. Be3 a6 18. Rad1 Nf6 19. h4 h6 20. h5
Bh7 21. Bd3 Rad8 22. Bxh7+ Kxh7 23. Rxd8 Rxd8 24. Qb3 Nd5 25. Bc1 Bc5 26.
Rd1 Nf6 27. Re1 Ng4 28. Be3 Bxe3 29. fxe3 Qe7 30. Nf5 Qf6 31. Rf1 b5 32. a4
Rd7 33. axb5 Qg5 34. Qc2 axb5 35. Rf3 Kg8 36. g3 Qxh5 37. Rf1 Qh3 38. Qe2
h5 39. Rf3 Ra7 40. Rf1 g6 41. Qd2 gxf5 42. e4 Qxg3+ 43. Kh1 f4 44. b4 Ra1
0-1

[Event "21st Czech GM Open"]
[Site "Pardubice CZE"]
[Date "2010.07.26"]
[Round "4"]
[White "Sabol,M"]
[Black "Orlov,E"]
[Result "1-0"]
[WhiteElo "2371"]
[BlackElo "2214"]
[EventDate "2010.07.23"]

1. d4 f5 2. e4 fxe4 3. Nc3 Nf6 4. Bg5 g6 5. f3 e3 6. Bxe3 d5 7. Qd2 Be6 8.
O-O-O Qd7 9. Nge2 Nc6 10. Nf4 a6 11. Nd3 Nd8 12. Ne2 Bg7 13. Nef4 Qa4 14.
Kb1 Nd7 15. b3 Qa3 16. Qe1 Qd6 17. Qb4 Qxb4 18. Nxb4 c6 19. g4 Bf7 20. Nbd3
O-O 21. h4 e5 22. dxe5 Nxe5 23. Nxe5 Bxe5 24. Nd3 Bg7 25. h5 d4 26. Bf4 Bd5
27. Bg2 Ne6 28. Bd6 Rfd8 29. Bg3 g5 30. Nb4 Nf4 31. Bxf4 gxf4 32. Nxd5 Rxd5
33. Rhe1 Re5 34. Rxe5 Bxe5 35. Re1 Re8 36. Bf1 h6 37. Bd3 Re7 38. Kc1 Kf7
39. Be4 Bd6 40. Rd1 c5 41. Kd2 Kf6 42. Kd3 b5 43. Re1 Re8 44. Ra1 Rc8 45.
Re1 Re8 46. a4 c4+ 47. Kxd4 cxb3 48. cxb3 bxa4 49. bxa4 a5 50. Kc4 Bb4 51.
Rd1 Re6 52. Rd5 Re5 53. Rd8 Re6 54. Rh8 Kg5 55. Bd5 Rd6 56. Rg8+ Kf6 57.
Rf8+ Kg5 58. Rf5+ Kh4 59. Rxf4 Kg3 60. Rf7 Bd2 61. Rb7 Rf6 62. Rb2 Be1 63.
Be4 Kf4 64. Rb1 Bf2 65. Rb8 Rb6 66. Rf8+ Kg3 67. Kc3 Be1+ 68. Kd3 Rb3+ 69.
Ke2 Bf2 70. Rf5 Rb2+ 71. Kd1 Be3 72. Rxa5 Rd2+ 73. Ke1 Ra2 74. Ra8 Bd4 75.
Kd1 Bc3 76. Ra6 Rd2+ 77. Kc1 Ra2 78. Rxh6 Bd2+ 79. Kb1 Rxa4 80. Re6 Rc4 81.
h6 Rc8 82. h7 Rh8 83. Kc2 Bf4 84. Re7 Kh4 85. Rg7 Be5 86. Rg8 Ba1 87. Kd3
1-0

[Event "21st Czech GM Open"]
[Site "Pardubice CZE"]
[Date "2010.07.26"]
[Round "4"]
[White "Kulovana,E"]
[Black "Kalajzic,I"]
[Result "1/2-1/2"]
[WhiteElo "2362"]
[BlackElo "2213"]
[EventDate "2010.07.23"]

1. e4 c6 2. d4 d5 3. Nd2 dxe4 4. Nxe4 Nf6 5. Nxf6+ exf6 6. Bc4 Bd6 7. Qe2+
Qe7 8. Qxe7+ Kxe7 9. Ne2 Re8 10. O-O Bf5 11. c3 Nd7 12. Bf4 Nb6 13. Bxd6+
Kxd6 14. Ng3 Be6 15. Bd3 Nd7 16. c4 g6 17. Rfd1 f5 18. Ne2 Nf6 19. Nc3 Kc7
20. Rac1 Rad8 21. d5 Bd7 22. Kf1 cxd5 23. cxd5 Kd6 24. Bb5 a6 25. Bxd7 Rxd7
26. Na4 Rc7 27. Nb6 Rxc1 28. Rxc1 Re4 29. Nc8+ Kd7 30. Nb6+ Kd6 31. Nc8+
1/2-1/2

[Event "21st Czech GM Open"]
[Site "Pardubice CZE"]
[Date "2010.07.26"]
[Round "4"]
[White "Schueler,He"]
[Black "Kosiorek,M"]
[Result "0-1"]
[WhiteElo "2211"]
[BlackElo "2359"]
[EventDate "2010.07.23"]

1. Nf3 Nf6 2. d4 g6 3. Bf4 Bg7 4. e3 O-O 5. h3 d6 6. Be2 b6 7. O-O Bb7 8.
Bh2 e6 9. c3 Qe7 10. a4 a5 11. Na3 Ne4 12. Ne1 f5 13. f3 Nf6 14. Nd3 Nbd7
15. Qe1 e5 16. dxe5 dxe5 17. Nf2 Kh8 18. Bc4 Nc5 19. Nc2 Ne8 20. Nd3 e4 21.
Nxc5 Qxc5 22. Be2 Nf6 23. f4 Bd5 24. Qf2 Qe7 25. Kh1 Qf7 26. g4 Bc4 27.
gxf5 gxf5 28. Bg3 Bxe2 29. Qxe2 Nd7 30. Bh4 Nc5 31. Nd4 Nd3 32. Rfd1 c5 33.
Nb5 Bf6 34. Nd6 Qe6 35. Bxf6+ Rxf6 36. Nb5 Rh6 37. Kh2 Rxh3+ 38. Kxh3 Qh6+
39. Kg2 Rg8+ 40. Kf1 Qh3+ 0-1

[Event "21st Czech GM Open"]
[Site "Pardubice CZE"]
[Date "2010.07.26"]
[Round "4"]
[White "Hoffmann,Hen"]
[Black "Lahiri,A"]
[Result "1/2-1/2"]
[WhiteElo "2209"]
[BlackElo "2353"]
[EventDate "2010.07.23"]

1. e4 e6 2. d4 d5 3. e5 c5 4. c3 Nc6 5. Nf3 Qb6 6. a3 Nh6 7. Bxh6 Qxb2 8.
Bc1 Qxa1 9. Qc2 c4 10. Be2 b5 11. O-O a5 12. Nfd2 Bd7 13. f4 b4 14. Nxc4 b3
15. Qxb3 dxc4 16. Bxc4 Rb8 17. Bb5 Nxe5 18. a4 Bxb5 19. axb5 a4 20. Qc2
Rxb5 21. fxe5 Rxb1 22. Qe4 Be7 23. Qc6+ Kd8 24. Rd1 Qa2 25. d5 Qb3 26. Qa8+
Kc7 27. d6+ Kd7 28. Qa7+ Kc6 29. Qc7+ Kb5 30. Qb7+ Ka5 31. Qa7+ Kb5 32.
Qb7+ Ka5 33. Qa7+ 1/2-1/2

[Event "21st Czech GM Open"]
[Site "Pardubice CZE"]
[Date "2010.07.26"]
[Round "4"]
[White "Wichmann,C"]
[Black "Netzer,Ja"]
[Result "1/2-1/2"]
[WhiteElo "2347"]
[BlackElo "2208"]
[EventDate "2010.07.23"]

1. d4 Nf6 2. c4 g6 3. Nc3 Bg7 4. e4 d6 5. Bd3 Nc6 6. Nge2 Nh5 7. d5 Ne5 8.
Ng3 Nxg3 9. hxg3 h5 10. Be2 c5 11. f3 Bd7 12. Be3 Qb6 13. Qb3 Qb4 14. Kf2
O-O 15. Qxb4 cxb4 16. Nb5 f5 17. exf5 Rxf5 18. f4 Bxb5 19. cxb5 Ng4+ 20.
Bxg4 hxg4 21. Rac1 Rxd5 22. Rc2 Rxb5 23. Re2 Rc8 24. Rd1 Rc2 25. Kf1 d5 26.
Bxa7 Bxb2 27. Ree1 1/2-1/2

[Event "21st Czech GM Open"]
[Site "Pardubice CZE"]
[Date "2010.07.26"]
[Round "4"]
[White "Congiu,M"]
[Black "Heidrich,Man"]
[Result "1/2-1/2"]
[WhiteElo "2199"]
[BlackElo "2329"]
[EventDate "2010.07.23"]

1. e4 c5 2. c3 e6 3. d4 d5 4. exd5 exd5 5. Nf3 Nc6 6. Bb5 Bd6 7. O-O Nge7
8. Bg5 O-O 9. dxc5 Bxc5 10. Nbd2 Bg4 11. Qa4 Bd7 12. Nb3 Bd6 13. Bf4 Bf5
14. Bxd6 Qxd6 15. Rfe1 a6 16. Bf1 Ng6 17. Nbd4 Bd7 18. Rad1 Rfe8 19. Rxe8+
Rxe8 20. Nxc6 Bxc6 21. Qd4 Nf4 22. Rd2 Ne6 23. Qh4 h6 24. Qg4 Kf8 25. Qf5
Qf4 26. Qxf4 Nxf4 27. g3 Ne6 28. Rd1 Nc5 29. Nd4 Na4 30. Rb1 Bd7 31. Bg2
Be6 32. f4 g6 33. Kf2 Ke7 34. Bf3 Kd6 35. g4 Bd7 36. Nc2 Bc6 37. Nb4 Kc5
38. Nd3+ Kd6 39. Nb4 Kc5 40. Nd3+ Kd6 41. Rd1 Re7 42. Rd2 a5 43. Ne5 Kc5
44. h4 Nb6 45. b3 Nd7 46. Nd3+ Kd6 47. Nb2 Nb6 48. Nd1 Rd7 49. Ne3 Kc7 50.
g5 hxg5 51. fxg5 Rd8 52. Ng4 Rh8 53. Nh6 f6 54. Kg3 fxg5 55. hxg5 Re8 56.
Ng4 Rf8 57. Nf6 Rh8 58. Bxd5 Bxd5 59. Nxd5+ Nxd5 60. Rxd5 b6 61. Rd2 Rh5
62. Kf4 Rh3 63. c4 Rh1 64. Ke5 Rf1 65. Ke6 a4 66. bxa4 Rf4 67. a5 bxa5 68.
Rd5 a4 69. Ra5 Rxc4 70. Kf7 Kb6 71. Ra8 Kb5 72. Rb8+ Ka5 73. Kxg6 Rc2 74.
Kf7 Rxa2 75. g6 Rf2+ 76. Kg8 a3 77. g7 Ka4 78. Kh7 Rh2+ 79. Kg6 Rg2+ 80.
Kf6 a2 1/2-1/2

[Event "21st Czech GM Open"]
[Site "Pardubice CZE"]
[Date "2010.07.26"]
[Round "4"]
[White "Mueller,Jan1"]
[Black "Lorscheid,G"]
[Result "1/2-1/2"]
[WhiteElo "2075"]
[BlackElo "2326"]
[EventDate "2010.07.23"]

1. c4 g6 2. g3 Bg7 3. Bg2 e5 4. Nc3 d6 5. e3 Nf6 6. Nge2 O-O 7. O-O c6 8.
e4 Bg4 9. h3 Be6 10. d3 Qd7 11. Kh2 d5 12. exd5 cxd5 13. d4 exd4 1/2-1/2

[Event "21st Czech GM Open"]
[Site "Pardubice CZE"]
[Date "2010.07.26"]
[Round "4"]
[White "Raznikov,D"]
[Black "Medunova,V"]
[Result "1-0"]
[WhiteElo "2326"]
[BlackElo "2083"]
[EventDate "2010.07.23"]

1. d4 Nf6 2. c4 c5 3. d5 b5 4. cxb5 a6 5. bxa6 Bxa6 6. Nc3 g6 7. g3 d6 8.
Bg2 Bg7 9. Nf3 O-O 10. O-O Nbd7 11. Rb1 Qa5 12. Bd2 Rfb8 13. Qc2 Qc7 14. b3
Nb6 15. Nh4 Ra7 16. Rfd1 Qb7 17. Bc1 Na8 18. h3 Nc7 19. a4 Nfe8 20. e4 Qb4
21. Bd2 Qa3 22. Bc1 Qb4 23. Na2 Qb7 24. Be3 Qa8 25. Nf3 Bc8 26. Nd2 Bd7 27.
Nc4 Rab7 28. Nc3 Na6 29. Kh2 Nb4 30. Qd2 Rd8 31. Bg5 f6 32. Be3 Rc8 33. Ne2
Rcb8 34. Nf4 Na6 35. Qd3 Nb4 36. Qe2 Na6 37. Na5 Rb6 38. Nc6 Bxc6 39. dxc6
Qxc6 40. Nd5 Kf8 41. Nxb6 Qxb6 42. h4 Nac7 43. b4 Qa7 44. bxc5 Rxb1 45.
Rxb1 Qxa4 46. cxd6 Nxd6 47. h5 f5 48. exf5 Nxf5 49. Bf4 Nd4 50. Qd3 e5 51.
Be3 gxh5 52. Qxh7 Qe8 53. Rb7 Qf7 54. Be4 h4 55. Qxh4 Bf6 56. Qh6+ Bg7 57.
Qd6+ 1-0